Fight discrimination and guarantee equality for all Joint declaration to the EU and Member States

Gespeichert in:
Bibliographische Detailangaben
Körperschaft: European Trade Union Confederation
Format: Buch
Sprache:Englisch
Tags: Tag hinzufügen
Keine Tags, Fügen Sie das erste Tag hinzu!

MARC

LEADER 00000nam a2200000 4500
005 20240605190445.0
008 240605b |||||||| |||| 00| 0 eng d
040 |c GP 
110 |a European Trade Union Confederation 
245 |a Fight discrimination and guarantee equality for all  |b Joint declaration to the EU and Member States 
942 |2 ddc  |c BK  |n 0 
952 |0 0  |1 0  |2 ddc  |4 0  |6 323_409400000000000_EUR  |7 1  |9 1368  |a RM  |b RM  |d 2024-06-05  |l 0  |o 323.4094 EUR  |p 204  |r 2024-06-05 19:05:08  |w 2024-06-05  |y BK 
999 |c 1258  |d 1258